Sea of Silver Light (Record no. 227337)
[ view plain ]
| 000 -LEADER | |
|---|---|
| fixed length control field | 01145nam a22002177a 4500 |
| 005 - DATE AND TIME OF LATEST TRANSACTION | |
| control field | 20260124122959.0 |
| 008 - FIXED-LENGTH DATA ELEMENTS--GENERAL INFORMATION | |
| fixed length control field | 230524b ||||| |||| 00| 0 eng d |
| 020 ## - INTERNATIONAL STANDARD BOOK NUMBER | |
| International Standard Book Number | 9781473641150 |
| 040 ## - CATALOGING SOURCE | |
| Transcribing agency | AL |
| 041 ## - LANGUAGE CODE | |
| Language code of text/sound track or separate title | English |
| 082 ## - DEWEY DECIMAL CLASSIFICATION NUMBER | |
| Edition number | 23 |
| Classification number | 813.54 |
| Item number | WILS |
| 100 ## - MAIN ENTRY--PERSONAL NAME | |
| Personal name | Tad Williams |
| 100 ## - MAIN ENTRY--PERSONAL NAME | |
| 9 (RLIN) | 252626 |
| 245 ## - TITLE STATEMENT | |
| Title | Sea of Silver Light |
| 260 ## - PUBLICATION, DISTRIBUTION, ETC. | |
| Place of publication, distribution, etc. | London |
| Name of publisher, distributor, etc. | Hodder and Stoughton Ltd |
| Date of publication, distribution, etc. | 2017 |
| 300 ## - PHYSICAL DESCRIPTION | |
| Extent | xli,1071p |
| Other physical details | PB |
| Dimensions | 10x12cm |
| 365 ## - TRADE PRICE | |
| Price type code | 1170 |
| Price amount | ₹559.00 |
| Currency code | ₹ |
| Unit of pricing | ₹699.00 |
| Price note | 20% |
| Price effective from | 17-05-2023 |
| 520 ## - SUMMARY, ETC. | |
| Summary, etc. | Otherland - a display of mankind's extraordinary intellect, a multi-dimensional universe built by the geniuses of the twenty-first century and controlled by the private cartel known as the Grail Brotherhood, powerful and ruthless.But now Otherland is out of control.Fleeing through broken realities, a small band of adventurers struggle to avert the nightmare that Otherland could become. The only hope may lie in an alliance with their enemy. But time is running out - and Otherland's most terrifying secret is yet to be revealed. |
| 650 ## - SUBJECT ADDED ENTRY--TOPICAL TERM | |
| Topical term or geographic name entry element | American English Fiction |
| 9 (RLIN) | 112933 |
| 650 ## - SUBJECT ADDED ENTRY--TOPICAL TERM | |
| Topical term or geographic name entry element | Otherland Book Four |
| 9 (RLIN) | 114696 |
| 942 ## - ADDED ENTRY ELEMENTS (KOHA) | |
| Source of classification or shelving scheme | Dewey Decimal Classification |
| Koha item type | Book |
| Withdrawn status | Lost status | Source of classification or shelving scheme | Damaged status | Not for loan | Collection code | Home library | Current library | Date acquired | Source of acquisition | Cost, normal purchase price | Total Checkouts | Full call number | Barcode | Date last seen | Cost, replacement price | Price effective from | Koha item type |
|---|---|---|---|---|---|---|---|---|---|---|---|---|---|---|---|---|---|
| Dewey Decimal Classification | English | St Aloysius Library | St Aloysius Library | 05/20/2023 | Biblios Book Point Surathkal Mangalore 575014 | 559.00 | 813.54 WILS | 076518 | 05/24/2023 | 699.00 | 05/24/2023 | Book |